Viabilidad para implementar un Registro como el SORNA en Colombia

Detalles Bibliográficos
Autor principal: Galvis Sanabria, Lady Katherine
Formato: eBook
Lenguaje:español
Publicado: Bogot:̀ Editorial Acadm̌ica Espaǫla, 2019
Materias:
Acceso en línea:Acceso restringido

MARC

LEADER 00000nam a22000007a 4500
005 20191003230759.0
007 cr|||| ||||
008 191003s2019 co |||||s|||| 00||0 spa d
020 |a 9786200015570 
035 |a 29238 
040 |a vLex 
090 |c 9708  |d 9708 
100 1 |a Galvis Sanabria, Lady Katherine 
245 1 0 |a Viabilidad para implementar un Registro como el SORNA en Colombia  |h [Recurso electrn̤ico] /  |c Lady Katherine Galvis Sanabria 
256 |a Servicio en ln̕ea 
260 |a Bogot:̀  |b Editorial Acadm̌ica Espaǫla,  |c 2019 
300 |a 1 recurso electrn̤ico 
500 |a En Amřica, cada aǫ aumentan los delitos sexuales en contra de menores de edad, por ello los pas̕es se encuentran en alerta, buscando medidas para la proteccin̤ de los niǫs, niąs y adolescentes. Inicialmente en el aǫ 1990 en Washington se promulg ̤la primer ley sobre registro de criminales sexuales, y se han sumado varios Estados que han implementado dicho mecanismo, de conformidad con la legislatura de cada pas̕ para luchar por los derechos de los menores. Colombia, preocupada tambiň por el alto indice de delitos contra menores de edad, se encuentra implementando un Registro de Ofensores Sexuales, el cual busca la proteccin̤ de los menores, quienes de acuerdo con los n̕dices delictivos son el blanco de los criminales sexuales. 
506 1 |a Disponible solo en los productos indicados  |d vLex Global  |d vLex Global (Academic Edition, excluding Law Schools)  |d vLex Global (U.S. Academic Edition, Law Schools)  |d vLex Global (U.S. Academic Edition, excluding Law Schools)  |d vLex Global (Academic Edition, Law Schools) 
650 0 4 |a Derecho Penal  |z Colombia 
740 0 |a vLex Libros (Servicio en ln̕ea) 
856 4 0 |u http://vlex.com/source/29238  |z Acceso restringido 
942 |c BOOK 
999 0 |a Criminal law